| 000 | 00970 a2200241 4500 | ||
|---|---|---|---|
| 003 | UA-OsUOA | ||
| 005 | 20231020110726.0 | ||
| 008 | 231020b un ||||| |||| 00| 0 ukr d | ||
| 020 | _a9667667030 | ||
| 040 |
_aUA-OsUOA _bukr _cUA-OsUOA _dUA-OsUOA |
||
| 041 | _aukr | ||
| 080 | _a7.04:246.5 | ||
| 090 |
_a7.04:246.5 _bХ65 |
||
| 100 | _aХмельовський О. | ||
| 245 |
_aТеорія образотворення _cОрест Хмельовський |
||
| 260 |
_aЛуцьк _bЛДТУ _c2000 |
||
| 300 |
_a512 с. _bіл. |
||
| 490 | _aОбразотворення | ||
| 650 |
_2UDC _a7.04 Об’єкти та теми художнього зобра-ження. Іконографія. Іконологія. Деталі та оздоблення. Декор. Орнамент |
||
| 942 |
_cBK _2udc |
||
| 955 | _a2 | ||
| 999 |
_c575313 _d575313 |
||